Представление документа в формате RUSMARC

ПолеНазваниеЗначение
  Тип записи a
  Библиографический уровень c
001 Контрольный номер RU/SLIB/B/208743450
005 Дата корректировки 20231219114056.7
010 Индекс ISBN __
d Цена 21-00; 2-40
101 Язык документа 0_
a Язык текста rus
c Язык оригинала rus
200 Заглавие и сведения об ответственности 0_
a Заглавие Повести и рассказы
f Первые сведения об ответственности В. И. Даль ; сост., вступ. ст.: Ю. М. Акутина, А. А. Ильина-Томича ; примеч.: А. А. Ильича-Томича ; ил.: А. П. Сапожникова, Н. А. Степанова
b Общее обозначение материала Текст
210 Выходные данные 1_
a Место издания М.
c Издательство Совет. Россия
d Дата издания 1983
215 Физическое описание __
a Объем 432 с., [1] л. портр.
327 Примечание о содержании 0_
a Примечание о содержании Похождения Христиана Христиановича Виольдамура и его Аршета
327 Примечание о содержании 0_
a Примечание о содержании Цыганка
327 Примечание о содержании 0_
a Примечание о содержании Находчивое поколение
327 Примечание о содержании 0_
a Примечание о содержании Смотрины и рукобитье
327 Примечание о содержании 0_
a Примечание о содержании Поверка
327 Примечание о содержании 0_
a Примечание о содержании Сухая беда
327 Примечание о содержании 0_
a Примечание о содержании Фокусник
327 Примечание о содержании 0_
a Примечание о содержании Невеста с площади
327 Примечание о содержании 0_
a Примечание о содержании Братец и сестрица
327 Примечание о содержании 0_
a Примечание о содержании Займы
330 Аннотация __
a Аннотация В сборник вошли преимущественно произведения раннего творчества В. И. Даля.
606 Тематические рубрики __
a Основная рубрика Художественная литература
606 Тематические рубрики __
a Основная рубрика Русская литература XIX в. (произведения)
610 Ключевые слова 0_
a Ключевые слова проза; повести; рассказы
686 Индексы других классификаций __
a Классификационный индекс 84(2=411.2)52-4; ст84(2Рос=Рус)1-4
700 Автор _1
a Фамилия Даль
b Имя В. И.
g Полное личное имя Владимир Иванович
4 Код отношения 070
702 Вторичная интеллектуальная ответственность _1
a Фамилия Акутин
b Имя Ю. М.
4 Код отношения Составитель
4 Код отношения 220
4 Код отношения 080
702 Вторичная интеллектуальная ответственность _1
a Фамилия Ильин
b Имя -Томич А. А.
4 Код отношения Составитель
4 Код отношения 220
4 Код отношения 080
702 Вторичная интеллектуальная ответственность _1
a Фамилия Сапожников
b Имя А. П.
4 Код отношения Художник
4 Код отношения 040
702 Вторичная интеллектуальная ответственность _1
a Фамилия Степанов
b Имя Н. А.
4 Код отношения Художник
4 Код отношения 040
801 Источник записи _0
a Страна RU
b Организация Муниципальное бюджетное учреждение культуры "Централизованная библиотечная система" г. Сургут (Центральная городская библиотека им. А. С. Пушкина)
g Правила каталогизации КиК/Поспелова
801 Источник записи _1
a Страна RU
b Организация Муниципальное бюджетное учреждение культуры "Централизованная библиотечная система" г. Сургут (Центральная городская библиотека им. А. С. Пушкина)
g Правила каталогизации КиК/Поспелова
852 Данные о местонахождении __
j Шифр хранения 84(2=411.2)52-4
c Каталожный индекс 84(2Рос=Рус)1-4
i Авторский знак Д 15
p Инвентарный номер 03070352; 16346
901 Тип документа 1_
t Тип документа x
903 Характеристики (МАРС) __
a Дата передачи 20030827
969 Тип издания __
a Тип издания сборник
990 Данные о заказе (DOS) __
j Количество экземпляров (DOS) 1; 3
t N записи в КСУ для И/У (DOS) 200307; 199101